000
00350 a2200169 4500
001
161382
020
_a
040
_c
Magnum
100
_a
Moraes, Antonieta Dias de
240
1
0
_a
A casa de mico-saá
_l
por
245
1
0
_a
A casa de mico-saá
300
_a
24
362
0
_a
1986
440
1
_a
FTD
697
_a
LITERATURA INFANTO
942
_c
BK
999
_c
161382
_d
161382